00453 2200181 4500001002100000005001500021008004100036035002000077082000800097084001400105100002100119245004900140250000600189260003900195300001100234650001400245990001200259INLIS00000000000017520240502110511240502 0 ind  a0010-0424000151 a420 a420 PUT j aPratyasto, Putut1 aJenis Teks Bahasa Inggris /cPutut Pratyasto a1 aBandung :bPustaka Pitaloka,c2011 a60 hlm 4aNon Fiksi a0732480